1243 1126 1662 1723 1579 1629 1481 1565 1311 1045 1825 1153 1408 1320 1354 1436 1747 1201 1668 1396 1712 1936 1711 1645 1656 1820 1864 1174 1414 1809 1566 1366 1807 1722 1491 1722 1142 1396 1159 1875 1732 1295 1667 1867 1965 1850 1920 1843 1783 1201 1682 1477 1580 1676 1914 1554 1245 1239 1319 1994 1782 1814 1059 1427 1220 1115 1551 1726 1465 1871 1954 1022 1273 1110 1368 1876 1948 1851 1346 1849 1907 1468 1557 1588 1597 1399 1883 1749 1684 1748 1964 1202 1313 1918 1332 1225 1732 1696 1888 BCNSPRNW ULIB Ver.6.0+V

เปลี่ยนเป็นภาษาไทย

Change to English
 แสดงรายละเอียดบรรณานุกรม
  กลับหน้าหลัก

Brief Record : Get Marc (ISO 2709) : E-mail record : QR code < ปิดหน้าต่าง
LEADER : 00000nam 2200000uu 4500
001    13399114439
003     ULIB
008    110627s||||||||th 000 0 tha d
020    9789745764002
090    นว.^bส174น
098    นว.^bส174น
100 0  สเตเฟนี่ เมเยอร์
245 00 นวจันทรา (New Moon)/^cสเตเฟนี่ เมเยอร์
250    พิมพ์ครั้งที่ 8
260    กรุงเทพฯ :^bปราชญ์เปรียว,^c2552
300    509 หน้า
710 1  ปราชญ์เปรียว
945    ^p335^l0^i026729
995    ทศพร
999 ^a ใช้งานได้ทุกระบบ
รายการนี้ยังไม่มีแท็ก
คุณยังไม่ได้ล็อกอิน คุณสามารถมีกิจกรรมร่วมกับเว็บไซต์ได้ แต่ต้องล็อกอินก่อน ::
  ล็อกอิน

รายการสื่อสารสนเทศ

ลำดับที่ ประเภท เลขเรียก/บาร์โค้ด สถานที่ สถานะ
1. นวนิยาย
นวนิยาย
นว. ส174น  
  Barcode: 026729
ห้องสมุดวิทยาเขตสวรรค์ประชารักษ์
►นวนิยาย
บนชั้น
  ขอยืม

รายการใกล้เคียง
    ผู้แต่ง [สเตเฟนี่ เมเยอร์]

BibComment


ยังไม่เคยถูกคอมเมนท์

คอมเมนท์ทรัพยากรรายการนี้
  คอมเมนท์: นวจันทรา New Moon..


 Copyright 2026. Bcnsprnw @Library